[Event "Wuerttemberg-chT Rapid"]
[Site "Boeblingen"]
[Date "2024.04.13"]
[Round "6.29"]
[White "Li, Yunqi"]
[Black "Schaefer, Daniel"]
[Result "1-0"]
[WhiteElo "1940"]
[BlackElo "1952"]
[PlyCount "69"]
[EventDate "2024.04.13"]
[EventType "team-tourn"]
[EventRounds "9"]
[EventCountry "GER"]
[SourceTitle "CB17_2024"]
[SourceDate "2024.04.24"]
[SourceVersion "1"]
[SourceVersionDate "2024.04.24"]
[SourceQuality "1"]

1. d4 Nf6 2. c4 e6 3. Nc3 Bb4 4. Qc2 b6 5. e4 c5 6. d5 exd5 7. exd5 0-0 8. Bd3 d6 9. Nge2 Bg4 10. 0-0 Nbd7 11. Bf4 Bxc3 12. Nxc3 Ne5 13. Bxe5 dxe5 14. Rae1 Re8 15. f3 Bh5 16. Re3 Bg6 17. Bxg6 hxg6 18. Rfe1 Nd7 19. f4 Qf6 20. g3 Kf8 21. Qe2 e4 22. Nxe4 Qd8 23. Ng5 Rxe3 24. Qxe3 Nf6 25. Qe5 Qd7 26. Qc3 Ne8 27. Nf3 Nd6 28. Ne5 Qf5 29. b3 Re8 30. Qd3 Rxe5 31. fxe5 Qxd3 32. exd6 Qd4+ 33. Kh1 Qg4 34. Re7 Qf5 35. Kg2 1-0

[Event "Wuerttemberg-chT Rapid"]
[Site "Boeblingen"]
[Date "2024.04.13"]
[Round "5.17"]
[White "Peng, Xiang Tobias"]
[Black "Li, Yunqi"]
[Result "0-1"]
[WhiteElo "2187"]
[BlackElo "1940"]
[PlyCount "84"]
[EventDate "2024.04.13"]
[EventType "team-tourn"]
[EventRounds "9"]
[EventCountry "GER"]
[SourceTitle "CB17_2024"]
[SourceDate "2024.04.24"]
[SourceVersion "1"]
[SourceVersionDate "2024.04.24"]
[SourceQuality "1"]

1. d4 Nf6 2. c4 e6 3. Nc3 Bb4 4. Qc2 c5 5. e3 Nc6 6. Nf3 d5 7. a3 Bxc3+ 8. bxc3 0-0 9. Be2 dxc4 10. Bxc4 b6 11. 0-0 Bb7 12. Bb2 Na5 13. Be2 c4 14. Ne5 Rc8 15. Rad1 Qe8 16. Bc1 Be4 17. Qb2 Nd7 18. Nxd7 Qxd7 19. f3 Bc6 20. Rde1 f5 21. Bd1 Ba4 22. Bxa4 Qxa4 23. e4 f4 24. e5 Qb3 25. Qd2 Qb1 26. Re4 Nb3 27. Qe1 Qa1 28. Bxf4 Qxa3 29. Qg3 Rf7 30. Qh3 Re8 31. Bg5 Qf8 32. Qh5 h6 33. Bh4 Rf5 34. Qg4 Nd2 35. Rfe1 Nxe4 36. Rxe4 a5 37. Qg3 a4 38. Qe1 Rf4 39. Bg3 Rxe4 40. fxe4 a3 41. d5 a2 42. Qa1 Qa3 0-1

[Event "Heusenstamm Schloss op"]
[Site "Heusenstamm"]
[Date "2023.11.25"]
[Round "5"]
[White "Li, Yunqi"]
[Black "Harringer, Manfred"]
[Result "1/2-1/2"]
[WhiteElo "1576"]
[BlackElo "2031"]
[PlyCount "133"]
[EventDate "2023.11.23"]
[EventType "swiss"]
[EventRounds "7"]
[EventCountry "GER"]
[SourceTitle "CB50_2023"]
[SourceDate "2023.12.13"]
[SourceVersion "1"]
[SourceVersionDate "2023.12.13"]
[SourceQuality "1"]

1. d4 Nf6 2. Nf3 e6 3. Bg5 d5 4. e3 c6 5. Nbd2 Nbd7 6. c3 Be7 7. Bd3 0-0 8. Ne5 c5 9. 0-0 Nxe5 10. dxe5 Nd7 11. Bf4 Re8 12. Nf3 Nf8 13. Qe2 Bd7 14. Bg3 Bc6 15. Nd2 Qb6 16. b3 Qa5 17. c4 Red8 18. Rfd1 f5 19. f4 d4 20. e4 g6 21. exf5 exf5 22. Nf1 Ne6 23. Be1 Qc7 24. Bd2 b6 25. g4 Ng7 26. Ng3 fxg4 27. Qxg4 Bd7 28. Qe2 Rf8 29. Rf1 Bf5 30. Nxf5 Nxf5 31. Be4 Rae8 32. Bd5+ Kh8 33. Qg4 Qc8 34. Rae1 Ng7 35. Qg2 Rd8 36. Kh1 Qf5 37. Be4 Qe6 38. Bd5 Qd7 39. Rf3 Nf5 40. Rh3 Kg7 41. Rg1 Qe8 42. Qg4 Rc8 43. Rg2 Bd8 44. Qh5 h6 45. Qg4 Kh7 46. Be4 Qe6 47. Bd5 Qe8 48. Be4 Qe6 49. Kg1 Rc7 50. Qe2 Rg7 51. Qd3 Rc7 52. Bd5 Qe8 53. Be4 Qe6 54. Be1 Rg7 55. Rf3 Kh8 56. h4 h5 57. Kh1 Qf7 58. Kh2 Qe7 59. Rg5 Qe6 60. Rg1 Qe7 61. Rh3 Qe6 62. Bd5 Qe8 63. Qe4 Qe7 64. a3 Qe8 65. b4 Nh6 66. Bc6 Qe6 67. Bd5 1/2-1/2

[Event "World-chT Rapid"]
[Site "Dusseldorf"]
[Date "2023.08.28"]
[Round "10"]
[White "Dyachuk, Artem"]
[Black "Li, Yunqi"]
[Result "1-0"]
[WhiteElo "2242"]
[BlackElo "1659"]
[PlyCount "53"]
[EventDate "2023.08.26"]
[EventType "team-swiss (rapid)"]
[EventRounds "12"]
[EventCountry "GER"]
[SourceTitle "CBM 215 Extra"]
[Source "ChessBase"]
[SourceDate "2023.09.30"]
[SourceVersion "1"]
[SourceVersionDate "2023.09.30"]
[SourceQuality "1"]
[WhiteTeam "Chess Wizzards"]
[BlackTeam "Deutsche Schachjugend II"]
[WhiteTeamCountry "UKR"]
[BlackTeamCountry "GER"]

1. e4 e6 2. d4 d5 3. e5 c5 4. c3 Nc6 5. Nf3 Bd7 6. Be2 f6 7. 0-0 fxe5 8. dxe5 Qc7 9. Bf4 0-0-0 10. Re1 h6 11. Bf1 g5 12. Bg3 Nge7 13. h3 Bg7 14. Na3 Rdf8 15. Nb5 Qd8 16. Qb3 Kb8 17. a4 Nf5 18. Bh2 h5 19. Qa3 g4 20. Nd2 Rfg8 21. c4 d4 22. Ne4 Bf8 23. Nf6 Rg7 24. Bd3 Nh6 25. h4 Nf7 26. Ne4 Nb4 27. Nbd6 1-0

[Event "World-chT Rapid"]
[Site "Dusseldorf"]
[Date "2023.08.28"]
[Round "9"]
[White "Li, Yunqi"]
[Black "Perossa, Nicolas"]
[Result "0-1"]
[WhiteElo "1659"]
[BlackElo "2265"]
[PlyCount "64"]
[EventDate "2023.08.26"]
[EventType "team-swiss (rapid)"]
[EventRounds "12"]
[EventCountry "GER"]
[SourceTitle "CBM 215 Extra"]
[Source "ChessBase"]
[SourceDate "2023.09.30"]
[SourceVersion "1"]
[SourceVersionDate "2023.09.30"]
[SourceQuality "1"]
[WhiteTeam "Deutsche Schachjugend II"]
[BlackTeam "Mitropa Chess Association"]
[WhiteTeamCountry "GER"]
[BlackTeamCountry "GER"]

1. e4 e6 2. d4 d5 3. Nd2 Nc6 4. c3 e5 5. exd5 Qxd5 6. Bc4 Qxg2 7. Qf3 Qxf3 8. Ngxf3 exd4 9. cxd4 Bf5 10. Bb5 Nge7 11. 0-0 0-0-0 12. Nb3 Be4 13. Ng5 Bd5 14. Be3 Rd6 15. Bd3 f5 16. f3 h6 17. Nh3 g5 18. f4 g4 19. Nf2 Bg7 20. Rad1 h5 21. Rd2 h4 22. Nd1 Rg6 23. Nc3 Bxb3 24. axb3 Nxd4 25. Bxd4 Bxd4+ 26. Kg2 h3+ 27. Kh1 Bxc3 28. bxc3 Rd6 29. Rfd1 Rhd8 30. Kg1 c6 31. Kf2 Kc7 32. Ke2 Nd5 0-1

[Event "EU Union-ch U08"]
[Site "Pec pod Snezkou"]
[Date "2022.08.28"]
[Round "7"]
[White "Kovacs, Balazs2222"]
[Black "Li, Yunqi"]
[Result "0-1"]
[WhiteElo "1463"]
[BlackElo "1282"]
[PlyCount "66"]
[EventDate "2022.08.22"]
[EventType "swiss"]
[EventRounds "9"]
[EventCountry "CZE"]
[SourceTitle "EXT 2023"]
[Source "ChessBase"]
[SourceDate "2022.10.05"]
[SourceVersion "1"]
[SourceVersionDate "2022.10.05"]
[SourceQuality "1"]

1. e4 e6 2. d4 d5 3. e5 c5 4. c3 Nc6 5. Nf3 Bd7 6. a3 f6 7. Nh4 Qc7 8. Qh5+ Ke7 9. Ng6+ hxg6 10. Qxh8 Kf7 11. Bb5 fxe5 12. 0-0 exd4 13. Qh3 Nf6 14. Bxc6 bxc6 15. Rd1 Bd6 16. cxd4 e5 17. Qb3 exd4 18. h3 Rf8 19. Nd2 c4 20. Nxc4 dxc4 21. Qxc4+ Be6 22. Qxd4 Be5 23. Qh4 Bd5 24. f4 Bd6 25. Be3 Kg8 26. Qg5 Nh5 27. Rxd5 cxd5 28. Qxd5+ Kh7 29. Rc1 Qb8 30. Rc4 Nxf4 31. Bxf4 Bxf4 32. b4 Be3+ 33. Kh1 Rf1# 0-1

[Event "EU Union-ch U08"]
[Site "Pec pod Snezkou"]
[Date "2022.08.27"]
[Round "6"]
[White "Li, Yunqi"]
[Black "Malcheva, Niya"]
[Result "1-0"]
[WhiteElo "1282"]
[BlackElo "1116"]
[PlyCount "73"]
[EventDate "2022.08.22"]
[EventType "swiss"]
[EventRounds "9"]
[EventCountry "CZE"]
[SourceTitle "EXT 2023"]
[Source "ChessBase"]
[SourceDate "2022.10.05"]
[SourceVersion "1"]
[SourceVersionDate "2022.10.05"]
[SourceQuality "1"]

1. e4 c6 2. d4 d5 3. exd5 cxd5 4. c4 Nf6 5. Nc3 Bf5 6. Qb3 Nc6 7. cxd5 Nxd4 8. Qa4+ Qd7 9. Qxd4 e6 10. Bb5 Qxb5 11. Nxb5 Nxd5 12. Ne2 a6 13. Nbc3 Bc2 14. Nxd5 exd5 15. Qe5+ Be7 16. Qc7 Bf5 17. Be3 Rc8 18. Qxb7 Bc5 19. Bxc5 Rxc5 20. Qb8+ Rc8 21. Qe5+ Be6 22. Nd4 0-0 23. Nxe6 fxe6 24. Qxe6+ Kh8 25. 0-0 Rcd8 26. Rad1 d4 27. Qe5 d3 28. Qe4 d2 29. Qe3 Rfe8 30. Rxd2 h6 31. Rxd8 Rxd8 32. Qe7 Rd2 33. Re1 Rd4 34. Qf8+ Kh7 35. Qf5+ g6 36. Qf7+ Kh8 37. Re8# 1-0